[Event "TIPC 2017"]
[Site "Roux, Belgium"]
[Date "2017.08.04"]
[Round "8.5"]
[White "Navrotescu, Andreea-Christiana"]
[Black "Inkiov, Ventzislav"]
[Result "1/2-1/2"]
[BlackElo "2459"]
[WhiteElo "2207"]
[LiveChessVersion "1.4.8"]

1. c4  Nf6  2. Nf3  e6
 3. g3  d5  4. Bg2
 c5  5. cxd5  exd5
 6. d4  Nc6  7. Nc3
 Be7  8. O-O  c4 
9. Bg5  O-O  10. Ne5  Be6
 11. Nxc6  bxc6  12. b3
 h6  13. Bxf6  Bxf6
 14. Na4  cxb3  15. axb3
 Be7  16. Qc2  Rb8
 17. Nc5  Bxc5  18. Qxc5
 Qb6  19. Qxb6  axb6
 20. b4  Ra8  21. Rfc1
 b5  22. Kf1  Ra4
 23. Rxa4  bxa4  24. Ra1
 Ra8  25. Ke1  a3
 26. Kd2  Bf5  27. e3
 a2  28. b5  Bd7 
29. Kc3  Kf8  30. bxc6  Bxc6
 31. Kb2  Ke7  32. Rxa2
 Rxa2+  33. Kxa2  Kd6
 34. Ka3  f6  35. Kb4
 Bd7  36. Bf1  Bf5
 37. f3  g5  38. Kc3
 Bd7  39. e4  dxe4
 40. fxe4  Bg4  41. Kd3
 Bd7  42. Ke3  Be6
 43. Be2  Bd7  44. Bh5
 Ba4  45. Bg6  Bb3
 46. Kd3  Bd1  47. Kc3
 Be2  48. Kb4  Bf1
 49. Ka5  Kc7  50. Bf7
 Bg2  51. e5  fxe5
 52. dxe5  Kd7  53. Kb6
 Ke7  54. Bc4  Bf3
 55. Kc5  Bg4  56. Kd4
 Bf5  57. Bd3  Bd7
 58. Ke4  Bg4  59. Bc4
 Bd7  60. e6  Bxe6
 61. Bxe6  Kxe6  62. g4
 h5  63. h3  h4 
1/2-1/2

[Event "TIPC 2017"]
[Site "Roux, Belgium"]
[Date "2017.08.04"]
[Round "8.6"]
[White "Kukov, Velislav"]
[Black "Eden, James"]
[Result "0-1"]
[BlackElo "2361"]
[WhiteElo "2386"]
[LiveChessVersion "1.4.8"]

1. Nf3  Nf6  2. g3  g6
 3. b3  Bg7  4. Bb2
 O-O  5. Bg2  d5 
6. c4  c6  7. O-O  a5
 8. d3  Re8  9. Nbd2
 Nbd7  10. d4  dxc4
 11. Nxc4  Nb6  12. Nce5
 a4  13. Ng5  Rf8
 14. Ba3  Nfd5  15. Ne4
 f5  16. Ng5  Nc3
 17. Qe1  Nb5  18. Bc5
 Nxd4  19. f4  Nc2
 20. Qf2  Nd7  21. Rad1
 Bxe5  22. fxe5  Qa5
 23. Bxe7  Re8  24. Bd6
 Nxe5  25. e4  Qc3
 26. exf5  Bxf5  27. Ne4
 Bxe4  28. Bxe4  Ng4
 29. Qf7+  Kh8  30. Rf3
 Nce3  31. Be7  Qe5
 32. Bf6+ Nxf6  33. Rxe3  Re7
 34. Qc4  Rae8  35. Rde1
 b5  36. Qd3  Qc5
 37. Kg2  Nxe4  38. Rxe4
 Rxe4  39. Rxe4  Rxe4
 40. Qxe4  Qd5  41. Kf3
 axb3  42. Qxd5  cxd5
 43. axb3  Kg7  44. Ke3
 Kf6  45. Kd4  Ke6
 46. b4  Kd6  47. g4
 g5  48. h3  h6 
49. Kd3  Ke5  50. Ke3  d4+ 51.
Kxd4+ 0-1

[Event "TIPC 2017"]
[Site "Roux, Belgium"]
[Date "2017.08.04"]
[Round "8.7"]
[White "Herman, Jean"]
[Black "Hautot, Stéphane"]
[Result "1/2-1/2"]
[BlackElo "2379"]
[WhiteElo "2239"]
[LiveChessVersion "1.4.8"]

1. d4  Nf6  2. Nf3  e6
 3. c4  c5  4. e3
 b6  5. Nc3  cxd4
 6. exd4  Bb7  7. Bd3
 Be7  8. O-O  d5 
9. cxd5  Nxd5  10. Qa4+  Bc6
 11. Bb5  Qd7  12. Ne5
 Nxc3  13. Qb3  Qd5
 14. Qxd5  Nxd5  15. Nxc6
 Nc7  16. Nxb8+  Nxb5
 17. Nc6  Nc7  18. Bd2
 Nd5  19. b4  f6 
20. Rfc1  Kd7  21. Kf1  Bd6
 22. Ke2  Rhc8  23. b5
 a6  24. a4  axb5
 25. axb5  Nc7  26. Na7
 Re8  27. f4  Nd5
 28. g3  Rab8  29. Kd3
 Rb7  30. Nc6  g6
 31. Kc4  Rc8  32. Kb3
 h5  33. Bb4  Nxb4
 34. Nxb4  Rxc1  35. Rxc1
 Bxb4  36. Kxb4  Rc7
 37. Ra1  Rc2  38. Ra7+
 Kd6  39. Rb7  Rxh2
 40. Rxb6+  Kd5  41. Rc6
 Rg2  42. Rc8  Rb2+
 43. Ka5  Kxd4  44. b6
 e5  45. fxe5  fxe5
 46. Rd8+  Ke3  47. Rg8
 e4  48. Rxg6  Kf3
 49. Rg5  e3  50. Rxh5
 e2 1/2-1/2

[Event "TIPC 2017"]
[Site "Roux, Belgium"]
[Date "2017.08.04"]
[Round "8.8"]
[White "Decrop, Benjamin"]
[Black "Capone, Nicola"]
[Result "1-0"]
[BlackElo "2329"]
[WhiteElo "2177"]
[LiveChessVersion "1.4.8"]

1. d4 Nf6 2. c4 g6  3. Nc3  d5 
4. Nf3  Bg7  5. Qb3  dxc4
 6. Qxc4  O-O  7. e4
 a6  8. e5  b5 
9. Qb3  Nfd7  10. e6  fxe6
 11. Be3  Nb6  12. h4
 Nc6  13. Rd1  Nd5
 14. h5  Nxe3  15. fxe3
 Qd6  16. hxg6  h6
 17. Ne4  Qb4+  18. Qc3
 Qxc3+  19. Nxc3  Bb7
 20. Rh5  Nb4  21. Rc5
 Rac8  22. a3  Nd5
 23. Nxd5  exd5  24. Rdc1
 c6  25. Bd3  Rce8
 26. Ne5  Bxe5  27. dxe5
 Kg7  28. Ke2  h5
 29. Rh1  Rh8  30. Rh4
 Ref8  31. Rc1  a5
 32. Rc5  Ra8  33. Rf4
 Rhf8  34. Kf3  Rab8
 35. Kg3  Kh6  36. Kh4
 Rbd8  37. Kg3  Kg7
 38. Rc1  Rxf4  39. exf4
 e6  40. Kh4  Rh8
 41. Kg5  Rf8  42. b4
 axb4  43. axb4  Ra8
 44. Rh1  Rh8  45. Ra1
 Ra8  46. Rxa8  Bxa8
 47. Kxh5  c5  48. bxc5
 b4  49. g4  d4 
50. f5  exf5  51. gxf5  Bd5
 52. f6+  Kf8  53. c6
 1-0

[Event "TIPC 2017"]
[Site "Roux, Belgium"]
[Date "2017.08.04"]
[Round "8.9"]
[White "Schuermans, Robert"]
[Black "Fontaine, Quentin"]
[Result "0-1"]
[BlackElo "2329"]
[WhiteElo "2172"]
[LiveChessVersion "1.4.8"]

1. e4 c5 2. Nf3 d6 3. d4 cxd4 4. Nxd4 Nf6 5. Nc3 g6 6. Be3 a6 7. f3 b5 8. Qd2 Bb7
9. O-O-O Nbd7 10. g4 h6 11. h4 b4 12. Nb1 e5 13. Nb3 d5 14. exd5 Nxd5 15. Bc4
Nxe3 16. Bxf7+ Kxf7 17. Qxd7+ Qe7 18. Rd3 Ng2 19. Rhd1 Nf4 20. Re3 Rh7 21. Rxe5
Qxd7 22. Rxd7+ Kg8 23. Rd4 Bg7 24. Rxf4 Bxe5 25. Rxb4 a5 26. Rb6 a4 27. N3d2 Ra6
28. Rb4 Re7 29. Ne4 Bf4+ 30. Kd1 Bxe4 31. fxe4 Rae6 32. Nc3 a3 33. Nd5 Rd7 34.
bxa3 Bg3 35. h5 gxh5 36. gxh5 Kg7 37. a4 Re5 38. a5 Ra7 39. Ne3 Bf4 40. Nf5+ Kh7
41. a6 Ra5 42. Ke2 R5xa6 43. Kf3 Be5 44. Rb5 Re6 45. c4 Rxa2 46. Rb7+ Kh8 47. Ne7
Rf6+ 48. Ke3 Ra3+ 49. Ke2 Bd4 50. Ng6+ Kg8 51. Ne7+ Kf8 52. Nf5 Rb6 53. Rxb6 Bxb6
54. Nxh6 Re3+ 55. Kd2 Rxe4 56. Kc3 Rf4 57. Kb4 Kg7 58. Kb5 Bd8 0-1

[Event "TIPC 2017"]
[Site "Roux, Belgium"]
[Date "2017.08.04"]
[Round "8.10"]
[White "Verstraeten, Rein"]
[Black "Vesin, Jean-Robert"]
[Result "0-1"]
[BlackElo "2237"]
[WhiteElo "2316"]
[LiveChessVersion "1.4.8"]

1. d4 c5 2. d5 g6 3. c4 Bg7 4. Nc3 Bxc3+ 5. bxc3 f5 6. e4 fxe4 7. f3 e5 8. fxe4
Qh4+ 9. Kd2 Nf6 10. Kc2 d6 11. Nf3 Qxe4+ 12. Kb3 b5 13. cxb5 a6 14. Ng5 Qxd5+ 15.
Qxd5 Nxd5 16. Be2 Nb6 17. Rd1 d5 18. c4 h6 19. Nf3 e4 20. Ne5 d4 21. Nxg6 Rg8 22.
Ba3 axb5 23. Ne5 Na6 24. Bh5+ Kd8 25. Bf7 bxc4+ 26. Nxc4 Rxg2 27. Rg1 Rg5 28. h4
Rg4 29. Nxb6 Rb8 30. Bxc5 Nxc5+ 31. Kc4 Rxb6 32. Kxc5 Rf6 33. Bd5 d3 34. Kd4 Rd6
35. Rgf1 e3+ 36. Ke5 Rxd5+ 37. Kxd5 Bb7+ 38. Kd6 Rd4+ 39. Kc5 Re4 40. Kb6 Re7 41.
Rf8+ Kd7 42. Kxb7 e2 43. Rff1 d2 44. Rfe1 dxe1=Q 45. Rxe1 Kd6+ 46. Kc8 Re8+ 47.
Kb7 Kd5 48. Kc7 Kd4 49. Kd7 Re4 0-1

[Event "TIPC 2017"]
[Site "Roux, Belgium"]
[Date "2017.08.04"]
[Round "8.11"]
[White "Mastalerz, Xavier"]
[Black "Hamblok, Roel"]
[Result "1/2-1/2"]
[BlackElo "2305"]
[WhiteElo "2252"]
[LiveChessVersion "1.4.8"]

1. Nf3 f5 2. g3 Nf6 3. Bg2 d6 4. d4 e6 5. O-O Be7 6. c4 O-O 7. Nc3 Ne4 8. Nxe4
fxe4 9. Ne1 d5 10. f3 dxc4 11. fxe4 Rxf1+ 12. Kxf1 Nc6 13. Be3 Bg5 14. Bxg5 Qxg5
15. Nf3 Qa5 16. Qc1 Qb5 17. Qc3 Bd7 18. Rc1 Rf8 19. Kg1 h6 20. Kh1 Re8 1/2-1/2

[Event "TIPC 2017"]
[Site "Roux, Belgium"]
[Date "2017.08.04"]
[Round "8.12"]
[White "Réal, Thibault"]
[Black "Tomov, Georgi"]
[Result "1/2-1/2"]
[BlackElo "2273"]
[WhiteElo "2178"]
[LiveChessVersion "1.4.8"]

1. d4 d5 2. Bf4 Nf6 3. e3 c5 4. c3 Nc6 5. Nd2 e6 6. Ngf3 cxd4 7. exd4 Nh5 8. Be3
Bd6 9. Ne5 g6 10. g4 Ng7 11. Bh6 Rg8 12. Qe2 f6 13. Nd3 e5 14. Bg2 Be6 15. O-O-O
Qe7 16. Nb3 O-O-O 17. dxe5 fxe5 18. h4 Rde8 19. Kb1 e4 20. Nf4 Bxf4 21. Bxf4 h5
22. gxh5 Nxh5 23. Be3 Nf6 24. Qb5 a6 25. Qa4 Nd7 26. Bf1 Rgf8 27. Bxa6 Kc7 28.
Na5 Nxa5 29. Qxa5+ b6 30. Qb4 Nc5 31. c4 Ra8 32. Bxc5 Qxc5 33. Qxc5+ bxc5 34.
cxd5 Rxa6 35. dxe6 Rxe6 36. Rd2 Rd6 37. Rc2 Kc6 38. a3 Rf5 39. Rg1 Rdf6 40. Rg2
Rf4 41. Rg5 Rxf2 42. Rxf2 Rxf2 43. Rxg6+ Kb5 44. Re6 Re2 45. b3 Re1+ 46. Kc2 Re2+
47. Kc3 Re3+ 48. Kc2 Re2+ 49. Kc1 Re3 50. Kc2 1/2-1/2

[Event "TIPC 2017"]
[Site "Roux, Belgium"]
[Date "2017.08.04"]
[Round "8.14"]
[White "Van Mechelen, Jan"]
[Black "De Villers, Mourad"]
[Result "1-0"]
[BlackElo "2152"]
[WhiteElo "2247"]
[LiveChessVersion "1.4.8"]

1. d4 Nf6 2. c4 g6 3. Nc3 Bg7 4. e4 d6 5. Bd3 e5 6. d5 O-O 7. Nge2 Na6 8. h3 Nd7
9. g4 Ndc5 10. Bc2 f5 11. gxf5 gxf5 12. exf5 Qh4 13. a3 Rxf5 14. Ng3 e4 15. Nxf5
Bxf5 16. Be3 Nd3+ 17. Bxd3 exd3 18. Qf3 Rf8 19. Qf4 Qxf4 20. Bxf4 Nc5 21. Be3 d2+
22. Ke2 Bd3+ 23. Kxd2 Bxc4 24. Rag1 Kf7 25. Rg4 Ba6 26. Rhg1 Be5 27. b4 Nd7 28.
b5 Bxc3+ 29. Kxc3 Bxb5 30. Rg7+ Ke8 31. Bd4 c5 32. dxc6 bxc6 33. Re1+ Kd8 34.
Rxh7 c5 35. Be3 d5 36. Bg5+ Kc8 37. f4 d4+ 38. Kb3 a5 39. a4 Bd3 40. Rg7 c4+ 41.
Ka3 Kc7 42. Ree7 Bf5 43. Ref7 Rxf7 44. Rxf7 Bxh3 45. Bf6 Be6 46. Rg7 d3 47. Bc3
Kc6 48. Bxa5 Kd5 49. Bc3 Ke4 50. Re7 Kd5 51. a5 Nc5 52. f5 Kd6 53. Rxe6+ 1-0

[Event "TIPC 2017"]
[Site "Roux, Belgium"]
[Date "2017.08.05"]
[Round "9.1"]
[White "Gharamian, Tigran"]
[Black "Le Quang, Kim"]
[Result "1-0"]
[BlackElo "2279"]
[WhiteElo "2616"]
[LiveChessVersion "1.4.8"]

1. e4  c5  2. Nf3  e6
 3. g3  Nc6  4. Bg2
 Nf6  5. Qe2  d6 
6. O-O  Be7  7. c3  O-O
 8. d4  cxd4  9. cxd4
 d5  10. e5  Nd7 
11. Nc3  a6  12. h4  b5
 13. Bg5  Nb6  14. Rfc1
 Bd7  15. Nd1  h6
 16. Bf4  Nc4  17. Ne3
 Qb6  18. b3  Nxe3
 19. Qxe3  Rfc8  20. Bf1
 Bf8  21. Qd2  Ra7
 22. a3  Na5  23. Rxc8
 Bxc8  24. Qb2  Rc7
 25. Rc1  Bd7  26. Rxc7
 Qxc7  27. Bd2  Qb6
 28. Bd3  Nc6  29. h5
 Be8  30. Bb1  f5
 31. exf6  Bxh5  32. Qc2
 g6  33. Be3  1-0

[Event "TIPC 2017"]
[Site "Roux, Belgium"]
[Date "2017.08.05"]
[Round "9.2"]
[White "Sochacki, Christophe"]
[Black "Dgebuadze, Alexandre"]
[Result "0-1"]
[BlackElo "2524"]
[WhiteElo "2451"]
[LiveChessVersion "1.4.8"]

1. b3  d5  2. Nf3  Bg4
 3. e3  Nd7  4. Bb2
 Ngf6  5. h3  Bh5
 6. c4  c6  7. cxd5
 Nxd5  8. e4  Nf4
 9. g3  Nc5  10. gxf4
 Nd3+  11. Ke2  f5
 12. Ke3  fxe4  13. Bc3
 e5  14. fxe5  Bc5+
 15. Bd4  Bxd4+  16. Nxd4
 Qg5+  0-1

[Event "TIPC 2017"]
[Site "Roux, Belgium"]
[Date "2017.08.05"]
[Round "9.3"]
[White "Godart, François"]
[Black "Sagar, Shah"]
[Result "1/2-1/2"]
[BlackElo "2391"]
[WhiteElo "2411"]
[LiveChessVersion "1.4.8"]

1. d4  Nf6  2. Nf3  d5
 3. e3  c5  4. Nbd2
 cxd4  5. exd4  Nc6
 6. c3  Bg4  7. Bb5
 Nd7  8. Nf1  e6 
9. Ng3  Qf6  10. Be2  Bd6
 11. Bg5  Qg6  12. Qd2
 Bxf3  13. Bxf3  h6
 14. Bf4  Bxf4  15. Qxf4
 O-O  16. Qc7  Nb6
 17. Qxb7  Na5  18. Qa6
 Nac4  19. b3  Qd3
 20. Ne2  Qd2+  21. Kf1
 Qb2  22. Rd1  Nd2+
 23. Ke1  Nxf3+  24. gxf3
 f6  25. Rd2  Qb1+
 26. Rd1  Qc2  27. Rd2
 Qb1+  28. Rd1  Qc2
 29. Rd2  1/2-1/2

[Event "TIPC 2017"]
[Site "Roux, Belgium"]
[Date "2017.08.05"]
[Round "9.4"]
[White "Kveinys, Aloyzas"]
[Black "Navrotescu, Andreea-Christiana"]
[Result "1/2-1/2"]
[BlackElo "2207"]
[WhiteElo "2542"]
[LiveChessVersion "1.4.8"]

1. d4  Nf6  2. c4  g6
 3. Nc3  d5  4. Bf4
 Bg7  5. e3  O-O 
6. Rc1  c6  7. Bd3  Be6
 8. c5  b6  9. b4
 a5  10. a3  axb4
 11. axb4  bxc5  12. bxc5
 Ra3  13. Nge2  Na6
 14. Ra1  Qa5  15. Rxa3
 Qxa3  16. Qc1  Qa5
 17. O-O  Nb4  18. Bb1
 Ra8  19. Be5  Bc8
 20. Rd1  Ba6  21. h3
 Bc4  22. Rd2  Qa3
 23. Rb2  Nd7  24. Bxg7
 Kxg7  25. Qd2  Rb8
 26. Ng3  Na6  27. Rxb8
 Naxb8  28. e4  e5
 29. exd5  cxd5  30. Bf5
 exd4  31. Bxd7  dxc3
 32. Qg5  Nxd7  33. Nh5+
 Kg8  34. Qd8+  Nf8
 35. Nf6+  Kg7  36. Ne8+
 Kg8  37. Nf6+  Kg7
 38. Ne8+  1/2-1/2

[Event "TIPC 2017"]
[Site "Roux, Belgium"]
[Date "2017.08.05"]
[Round "9.5"]
[White "Eden, James"]
[Black "Herman, Jean"]
[Result "1-0"]
[BlackElo "2239"]
[WhiteElo "2361"]
[LiveChessVersion "1.4.8"]

1. d4  d5  2. c4  c6
 3. Nc3  Nf6  4. Nf3
 dxc4  5. a4  Bf5
 6. Ne5  Nbd7  7. Nxc4
 Qc7  8. g3  e5 
9. dxe5  Nxe5  10. Bf4  Nfd7
 11. a5  Be7  12. a6
 b6  13. Bg2  f6 
14. Ne3  Be6  15. Nb5  Qc8
 16. Nd6+  Bxd6  17. Qxd6
 Kf7  18. O-O  Rd8
 19. Qa3  Nc5  20. Qc3
 Ng6  21. Ra3  Bh3
 22. b4  Nxf4  23. gxf4
 Bxg2  24. Kxg2  Ne4
 25. Qc2  Qe6  26. Rd3
 Rxd3  27. Qxd3  Re8
 28. Rd1  c5  29. f5
 Qe5  30. Nc4  Qxf5
 31. f3  Qg5+  32. Kf1
 Qf4  33. bxc5  bxc5
 34. Rb1  Re7  35. Qd5+
 Kg6  36. Rb7  Qc1+
 37. Kg2  Qe1  38. fxe4
 Qxe2+  39. Kg3  Qxe4
 40. Qxe4+  Rxe4  41. Nb2
 Rb4  42. Nd3  Ra4
 43. Nxc5  Ra5  44. Rc7
 Kf5  45. Kf3  g5
 46. Ke3  h5  47. Kd4
 Ra2  48. Rxa7  Rxh2
 49. Rb7  h4  50. Rb4
 Rd2+  51. Ke3  Rd8
 52. a7  Ra8  53. Ra4
 g4  54. Nd7  h3 
55. Kf2  h2  56. Kg2  g3
 57. Nb6  Rh8  58. Ra1
 Kg4  59. a8=Q  Rxa8
 60. Rxa8  f5  61. Nd5
 1-0

[Event "TIPC 2017"]
[Site "Roux, Belgium"]
[Date "2017.08.05"]
[Round "9.6"]
[White "Inkiov, Ventzislav"]
[Black "Vesin, Jean-Robert"]
[Result "1/2-1/2"]
[BlackElo "2237"]
[WhiteElo "2459"]
[LiveChessVersion "1.4.8"]

1. d4  c5  2. d5  g6
 3. c4  Bg7  4. Nc3
 Bxc3+  5. bxc3  f5
 6. g3  Qa5  7. Qb3
 Nf6  8. Bg2  d6 
9. Nf3  Nbd7  10. Nd2  Nb6
 11. O-O  Bd7  12. e4
 O-O-O  13. exf5  gxf5
 14. Re1  Rde8  15. Nf3
 Ne4  16. Ng5  Qxc3
 17. Bb2  Qxb3  18. axb3
 Nxg5  19. Bxh8  Rxh8
 20. Rxe7  f4  21. Rxa7
 Kb8  22. Ra1  fxg3
 23. hxg3  Bf5  24. Kh2
 Nc8  25. Rg7  h6
 26. Re1  Rf8  27. f4
 Rf7  28. Rg8  Nh7
 29. g4  Nf6  30. Rh8
 Nxg4+  31. Kg3  Rg7
 32. Kh4  Nf2  33. Bf3
 Nd3  34. Ree8  Nxf4
 35. Rxh6  Kc7  36. Rf6
 Ng6+  37. Kh5  Nce7
 38. Kg5  Bd7  39. Kh6
 Bxe8 40. Kxg7  Ne5  41. Kf8
 Kd7  42. Bg2  N7g6+
 43. Kg7  Kc7  44. Be4
 Ne7  45. Kf8  Bg6
 46. Bxg6  N7xg6+  47. Ke8
 Nh4  48. Ke7  Nd7
 49. Rf7  Ng6+  50. Ke6
 Ngf8+  51. Ke7  Ng6+
 52. Ke6  Ngf8+  53. Ke7
 1/2-1/2

[Event "TIPC 2017"]
[Site "Roux, Belgium"]
[Date "2017.08.05"]
[Round "9.7"]
[White "Miezis, Normunds"]
[Black "Henris, Luc"]
[Result "1-0"]
[BlackElo "2127"]
[WhiteElo "2447"]
[LiveChessVersion "1.4.8"]

1. c4  f5  2. Nc3  Nf6
 3. g3  g6  4. Bg2
 Bg7  5. d4  O-O 
6. b3  d6  7. Bb2  e5
 8. dxe5  dxe5  9. Nb5
 Nbd7  10. Nh3  a6
 11. Nc3  Qe7  12. O-O
 c6  13. a4  Rd8 
14. Qc2  Nf8  15. Ba3  Qe8
 16. Rad1  Ne6  17. e3
 Bd7  18. a5  Qf7
 19. Na4  Be8  20. Nb6
 Rxd1  21. Rxd1  Rd8
 22. Rxd8  Nxd8  23. Ng5
 Qc7  24. Qd2  Bf8
 25. Bb2  h6  26. Nf3
 Nf7  27. Nh4  Kh7
 28. h3  Nd7  29. e4
 f4  30. gxf4  exf4
 31. Nxd7  Bxd7  32. e5
 g5  33. Qd3+  1-0

[Event "TIPC 2017"]
[Site "Roux, Belgium"]
[Date "2017.08.05"]
[Round "9.8"]
[White "Fontaine, Quentin"]
[Black "Decrop, Benjamin"]
[Result "1-0"]
[BlackElo "2177"]
[WhiteElo "2329"]
[LiveChessVersion "1.4.8"]

1. e4  c5  2. Nf3  d6
 3. Bb5+  Nd7  4. Ba4
 a6  5. c3  b5 
6. Bc2  e6  7. O-O  Ngf6
 8. d4  cxd4  9. cxd4
 Be7  10. Re1  Bb7
 11. Bd3  O-O  12. Nbd2
 Qc7  13. Nf1  Rac8
 14. Ng3  Rfd8  15. Bd2
 Qb8  16. Qe2  Nf8
 17. a4  Bc6  18. d5
 Bd7  19. Nd4  e5
 20. Ndf5  Re8  21. Nxe7+
 Rxe7  22. Bg5  Ng6
 23. Bxf6  Nf4  24. Qf3
 gxf6  25. axb5  axb5
 26. Nh5  Nxh5  27. Qxh5
 Kg7  28. Re3  Rg8
 29. Qh4  Ree8  30. Rf3
 Qd8 31. Ra8 Qe7 32. Ra7 1-0